| Tag |
First Indicator |
Second Indicator |
Subfields |
| LEADER |
00000cas a2200000 i 4500 |
| 001 |
in00004087607 |
| 005 |
20210904130511.0 |
| 006 |
m o d f |
| 007 |
cr ||||||||||| |
| 008 |
160203c200u9999mdu x o f0 0eng c |
| 010 |
|
|
|z 2019230016
|
| 035 |
|
|
|a (OCoLC)ocn936486189
|
| 040 |
|
|
|a GPO
|b eng
|e rda
|e pn
|c GPO
|d OCLCF
|d OCLCQ
|d GPO
|d MvI
|d UtOrBLW
|
| 042 |
|
|
|a pcc
|
| 043 |
|
|
|a n-us---
|
| 049 |
|
|
|a WWW
|
| 074 |
|
|
|a 0520-E-01 (online)
|
| 086 |
0 |
|
|a HS 5.102:F 65/8/
|
| 110 |
1 |
|
|a United States.
|b Federal Emergency Management Agency,
|e author.
|0 http://id.loc.gov/authorities/names/n78090715
|
| 245 |
1 |
0 |
|a National Flood Insurance Program :
|b top ten facts for consumers /
|c U.S. Department of Homeland Security, FEMA.
|
| 264 |
|
1 |
|a [Emmitsburg, Md.] :
|b U.S. Dept. of Homeland Security, FEMA
|
| 300 |
|
|
|a 1 online resource (volumes)
|
| 310 |
|
|
|a Irregular
|
| 336 |
|
|
|a text
|b txt
|2 rdacontent
|
| 337 |
|
|
|a computer
|b c
|2 rdamedia
|
| 338 |
|
|
|a online resource
|b cr
|2 rdacarrier
|
| 500 |
|
|
|a "F-301."
|
| 588 |
0 |
|
|a Description based on: 2/05; title from title screen (viewed on Feb. 3, 2016).
|
| 588 |
|
|
|a Latest issue consulted: 12/13 (viewed on Aug. 23, 2019).
|
| 610 |
2 |
0 |
|a National Flood Insurance Program (U.S.)
|0 http://id.loc.gov/authorities/names/n82136683
|
| 650 |
|
0 |
|a Flood insurance
|z United States.
|0 http://id.loc.gov/authorities/subjects/sh2008123824
|
| 650 |
|
0 |
|a Consumer education
|z United States.
|0 http://id.loc.gov/authorities/subjects/sh2008101689
|
| 610 |
2 |
7 |
|a National Flood Insurance Program (U.S.)
|2 fast
|0 (OCoLC)fst00573515
|
| 650 |
|
7 |
|a Consumer education.
|2 fast
|0 (OCoLC)fst00876300
|
| 650 |
|
7 |
|a Flood insurance.
|2 fast
|0 (OCoLC)fst01715819
|
| 651 |
|
7 |
|a United States.
|2 fast
|0 (OCoLC)fst01204155
|
| 776 |
0 |
8 |
|i Print version:
|a United States. Federal Emergency Management Agency.
|t National Flood Insurance Program
|w (DLC) 2019230017
|w (OCoLC)1114290806
|
| 856 |
4 |
0 |
|u https://purl.fdlp.gov/GPO/gpo65118
|t 0
|
| 999 |
f |
f |
|s 64e79818-ce8a-336d-806e-87d1196404f0
|i 1fb5dc36-d867-3157-a76b-7bfaba4b2eb9
|t 0
|
| 952 |
f |
f |
|a Texas A&M University
|b College Station
|c Electronic Resources
|d Available Online
|t 0
|e HS 5.102:F 65/8/
|h Superintendent of Documents classification
|
| 998 |
f |
f |
|a HS 5.102:F 65/8/
|t 0
|l Available Online
|